Evolution (Record no. 1321718)

MARC details
000 -LEADER
fixed length control field 00555nam a2200193Ia 4500
005 - DATE AND TIME OF LATEST TRANSACTION
control field 20250508150104.0
008 - FIXED-LENGTH DATA ELEMENTS--GENERAL INFORMATION
fixed length control field 008 250505s9999 xx 000 0 eng d
037 ## - SOURCE OF ACQUISITION
Stock number Textual
040 ## - CATALOGING SOURCE
Original cataloging agency FEDL
Language of cataloging eng
Transcribing agency FEDL
041 ## - LANGUAGE CODE
Language code of text/sound track or separate title eng
Source of code eng
084 ## - COLON CLASSIFICATION NUMBER
Classification number 575, SHU
Assigning agency FEDL
100 ## - MAIN ENTRY--PERSONAL NAME
Personal name Shull A Franklin
9 (RLIN) 755672
245 #0 - TITLE STATEMENT
Title Evolution
260 ## - PUBLICATION, DISTRIBUTION, ETC.
Place of publication, distribution, etc. New York, USA
Name of publisher, distributor, etc. McGraw Hill Book Company Inc
Date of publication, distribution, etc. 1936
300 ## - PHYSICAL DESCRIPTION
Extent x,312p
490 ## - SERIES STATEMENT
Series statement McGraw-Hill Publications in the zoological sciences
942 ## - ADDED ENTRY ELEMENTS (KOHA)
Koha item type Textual
Classification part 575, SHU
Holdings
Withdrawn status Lost status Damaged status Not for loan Home library Current library Date acquired Total Checkouts Full call number Barcode Date last seen Price effective from Koha item type
        Department of Education Library Department of Education Library 2025-05-08   575, SHU EL0000376 2025-05-08 2025-05-08 Textual
Copyright @ Delhi University Library System